La oposición terrateniente a la reforma agraría en Guatemala 1952-1954 /
Guardat en:
| Autor corporatiu: | |
|---|---|
| Format: | Text |
| Matèries: | |
| Etiquetes: |
Afegir etiqueta
Sense etiquetes, Sigues el primer a etiquetar aquest registre!
|
MARC
| LEADER | 00000 a a2200000 04500 | ||
|---|---|---|---|
| 001 | 45354 | ||
| 003 | |||
| 040 | |||
| 090 | |a REV0780 (21)1987 | ||
| 110 | |a Instituto de investigaciones políticas y sociales (IIPS) | ||
| 245 | |a La oposición terrateniente a la reforma agraría en Guatemala 1952-1954 / |c Instituto de investigaciones políticas y sociales (IIPS) | ||
| 650 | |a REFORMA AGRARIA | ||
| 650 | |a AGRICULTORES | ||
| 650 | |a GUATEMALA | ||
| 650 | |a MOVIMIENTOS OBREROS | ||
| 773 | |g número21, III Epoca (Julio - Diciembre, 1987), páginas 9-36 | ||
| 999 | |c 20462 |d 20462 | ||
